| 000 | 00590nam a2200217Ia 4500 | ||
|---|---|---|---|
| 003 | GCL | ||
| 008 | 140319s9999 xx 000 0 ara d | ||
| 040 |
_aGCL / _cGCL |
||
| 082 | 0 | 4 |
_a956.930 _bم ع |
| 100 | 1 | _aمتى معان بورى | |
| 245 | 1 | 0 |
_aعكا تراث وذكريات / _cمتى معان بورى |
| 700 | 1 | _aيوسف احمد شبل | |
| 260 |
_a[S.N] : _bدار الحمراء ، _c1992 |
||
| 300 | _a158 ص | ||
| 490 | _a | ||
| 650 | 0 | 4 | _aفلسطين |
| 650 | 0 | 4 | _aاسرائيل |
| 650 | 0 | 4 | _aالتاريخ العربى |
| 650 | 0 | 4 | _aعكا |
| 942 |
_2ddc _cBK |
||
| 999 |
_c36019 _d36019 |
||